[Event "4NCL"]
[Site "De Vere, Staverton Park, ENG"]
[Date "2011.03.26"]
[Round "7.11"]
[White "Spencer, Carl J"]
[Black "Cobb, James E"]
[Result "0-1"]
[WhiteElo "2166"]
[BlackElo "2392"]
[PlyCount "74"]
[EventDate "2011.??.??"]
[WhiteTeam "Cambridge University 2"]
[BlackTeam "South Wales Dragons"]

1. e4 e5 2. Nf3 Nc6 3. d4 exd4 4. Nxd4 Bc5 5. Be3 Qf6 6. c3 Nge7 7. Bc4 O-O 8.
O-O b6 9. f4 d5 10. e5 Qh6 11. Be2 Nxe5 12. b4 Bd6 13. Na3 a6 14. h3 c5 15.
bxc5 bxc5 16. Ndc2 N5c6 17. Qd2 Bf5 18. Bf3 Rad8 19. Qc1 d4 20. cxd4 cxd4 21.
Bxc6 Nxc6 22. Bd2 Rfe8 23. Nc4 Bb8 24. Ne1 Re2 25. Nf3 Bxh3 26. Rf2 Rxf2 27.
Kxf2 Bg4 28. Nce5 Nxe5 29. fxe5 Qe6 30. Bg5 Rc8 31. Qf4 Bxf3 32. Qxf3 Qxe5 33.
Qb7 Rc2+ 34. Kf1 h6 35. Re1 Qf5+ 36. Kg1 Qf2+ 37. Kh1 Qxe1# 0-1

[Event "4NCL"]
[Site "De Vere, Staverton Park, ENG"]
[Date "2011.03.26"]
[Round "7.13"]
[White "Robertson, J Stuart"]
[Black "Zeidler, Sven P"]
[Result "1/2-1/2"]
[WhiteElo "2066"]
[BlackElo "2247"]
[PlyCount "122"]
[EventDate "2011.??.??"]
[WhiteTeam "Cambridge University 2"]
[BlackTeam "South Wales Dragons"]

1. d4 f5 2. c4 Nf6 3. g3 g6 4. Bg2 Bg7 5. Nc3 d6 6. Nf3 O-O 7. O-O c6 8. Re1
Ne4 9. Qc2 Nxc3 10. bxc3 e5 11. e4 f4 12. Ba3 Bg4 13. Qd3 fxg3 14. hxg3 Bxf3
15. Bxf3 Qf6 16. Kg2 Nd7 17. Bg4 Rad8 18. Qc2 h5 19. Bh3 exd4 20. f4 d3 21.
Qxd3 Qxc3 22. Rad1 Qxd3 23. Rxd3 Nc5 24. Bxc5 dxc5 25. Red1 Rd4 26. Kf3 Rfd8
27. Ke3 Kf7 28. e5 Bf8 29. a4 Be7 30. R1d2 g5 31. Bf5 h4 32. gxh4 gxf4+ 33. Kf3
Bxh4 34. Rxd4 cxd4 35. Kxf4 c5 36. Rh2 Rh8 37. Kg4 Bf6 38. Rxh8 Bxh8 39. Kf4
Bg7 40. Ke4 Bf8 41. Kd5 Be7 42. Ke4 Ke8 43. Bc8 b6 44. Be6 Kd8 45. Bf7 Kc7 46.
Be8 Bh4 47. Bf7 Kb7 48. Be8 Ka6 49. Bc6 Ka5 50. Kd3 Kb4 51. Bb5 Kb3 52. Bc6 Kb2
53. Be8 Kc1 54. Bh5 Bg3 55. e6 Bh4 56. Bf3 Bf6 57. Bh5 Kb2 58. Be8 Kb3 59. Bc6
a6 60. Bd7 Kb4 61. Bc6 Kb3 1/2-1/2

[Event "4NCL"]
[Site "De Vere, Staverton Park, ENG"]
[Date "2011.03.26"]
[Round "7.15"]
[White "Gooding, Ian"]
[Black "Morris, Charles F"]
[Result "1-0"]
[WhiteElo "2012"]
[BlackElo "2188"]
[PlyCount "101"]
[EventDate "2011.??.??"]
[WhiteTeam "Cambridge University 2"]
[BlackTeam "South Wales Dragons"]

1. e4 e6 2. d4 d5 3. Nc3 Nf6 4. Bg5 Bb4 5. Nge2 dxe4 6. a3 Be7 7. Ng3 h6 8. Be3
O-O 9. Qd2 Nd5 10. Ngxe4 f5 11. Nxd5 exd5 12. Nc3 c6 13. g3 Nd7 14. O-O-O Nf6
15. f3 Nh5 16. Kb1 b5 17. Ne2 Bd6 18. Rg1 Nf6 19. Nf4 Re8 20. Bd3 Qe7 21. Rde1
Qf7 22. h3 g5 23. Ne2 Qh5 24. g4 fxg4 25. hxg4 Qf7 26. Ng3 a5 27. Nf5 Bxf5 28.
gxf5 Bf8 29. f4 g4 30. Bf2 Rxe1+ 31. Qxe1 b4 32. Bh4 Re8 33. Qd2 h5 34. axb4
axb4 35. Re1 Ne4 36. Bxe4 dxe4 37. f6 Ra8 38. Qe3 Qa2+ 39. Kc1 Re8 40. f5 Kh7
41. Qb3 Bh6+ 42. Kd1 Qxb3 43. cxb3 e3 44. Ke2 Rd8 45. Ra1 Rd7 46. Ra4 c5 47.
dxc5 Rd2+ 48. Ke1 Bf8 49. Rxb4 Bxc5 50. Rb7+ Kh6 51. Rg7 1-0

[Event "4NCL"]
[Site "De Vere, Staverton Park, ENG"]
[Date "2011.03.26"]
[Round "7.17"]
[White "Kreuzer, Christopher RL"]
[Black "Jameson, David"]
[Result "0-1"]
[WhiteElo "1937"]
[BlackElo "2088"]
[PlyCount "66"]
[EventDate "2011.??.??"]
[WhiteTeam "Cambridge University 2"]
[BlackTeam "South Wales Dragons"]

1. e4 e5 2. Nf3 Nc6 3. d4 exd4 4. Bc4 Bc5 5. O-O Nf6 6. e5 d5 7. Bb5 Ne4 8.
Nxd4 O-O 9. Nxc6 bxc6 10. Bxc6 Ba6 11. Be3 Bxe3 12. fxe3 Bxf1 13. Qxf1 Rb8 14.
c4 Qg5 15. Qf4 Qxf4 16. exf4 Rxb2 17. cxd5 Rfb8 18. Na3 Nc3 19. Re1 Re2 20.
Rxe2 Nxe2+ 21. Kf2 Nd4 22. Bd7 Rb2+ 23. Ke3 Nc2+ 24. Nxc2 Rxc2 25. a4 Rxg2 26.
h3 Kf8 27. Kd4 Ke7 28. Bc8 Ra2 29. Kc5 Rxa4 30. f5 Re4 31. d6+ cxd6+ 32. exd6+
Kd8 33. Bb7 Re5+ 0-1

[Event "4NCL"]
[Site "De Vere, Staverton Park, ENG"]
[Date "2011.03.26"]
[Round "7.21"]
[White "Jones, Richard S"]
[Black "Williams, Simon K"]
[Result "1/2-1/2"]
[WhiteElo "2369"]
[BlackElo "2507"]
[PlyCount "142"]
[EventDate "2011.??.??"]
[WhiteTeam "Rhyfelwyr Essyllwg"]
[BlackTeam "Jutes of Kent"]

1. e4 e6 2. d4 d5 3. Nc3 Nf6 4. e5 Nfd7 5. f4 c5 6. Nf3 Nc6 7. Be3 cxd4 8. Nxd4
Bc5 9. Qd2 O-O 10. O-O-O a6 11. Nb3 b6 12. h4 Bb7 13. Rh3 Rc8 14. h5 Bb4 15.
Bf2 f5 16. a3 Ba5 17. Nxa5 Nxa5 18. b3 Kh8 19. Kb2 Nc6 20. g4 fxg4 21. Rg3 Ne7
22. Rxg4 Nf5 23. Bd3 d4 24. Ne2 Nc5 25. Bxf5 exf5 26. Rgg1 Bf3 27. h6 g6 28.
Bxd4 Ne6 29. Be3 Qc7 30. Nd4 Nxd4 31. Bxd4 Bxd1 32. Rxd1 Rfd8 33. c3 Kg8 34. e6
Qd6 35. Qe2 Re8 36. Be5 Qxe6 37. Qxa6 Rcd8 38. Qa7 Qf7 39. Rxd8 Qxa7 40. Rxe8+
Kf7 41. Rc8 Ke6 42. Rc7 Qa8 43. a4 g5 44. Rxh7 gxf4 45. Rh8 Qg2+ 46. Ka3 Qg6
47. Bxf4 Qf6 48. Rc8 Qe7+ 49. b4 Qh4 50. Be3 Kd7 51. Ra8 Qe1 52. Bd4 Qc1+ 53.
Kb3 Qxh6 54. Ra6 Qc1 55. Rxb6 Qd1+ 56. Ka3 Qc1+ 57. Kb3 f4 58. Rf6 f3 59. a5
Qd1+ 60. Kb2 Qd2+ 61. Ka3 Qg5 62. Rxf3 Qc1+ 63. Ka2 Kc6 64. Rf6+ Kb5 65. Kb3
Qb1+ 66. Ka3 Qa1+ 67. Kb3 Qd1+ 68. Ka3 Kc4 69. Rc6+ Kd3 70. Rc5 Qa1+ 71. Kb3
Qd1+ 1/2-1/2

[Event "4NCL"]
[Site "De Vere, Staverton Park, ENG"]
[Date "2011.03.26"]
[Round "7.22"]
[White "Stebbings, Anthony J"]
[Black "Kett, Timothy J"]
[Result "1-0"]
[WhiteElo "2261"]
[BlackElo "2202"]
[PlyCount "51"]
[EventDate "2011.??.??"]
[WhiteTeam "Jutes of Kent"]
[BlackTeam "Rhyfelwyr Essyllwg"]

1. e4 e5 2. Nf3 Nc6 3. Bb5 a6 4. Ba4 Nf6 5. Qe2 b5 6. Bb3 Be7 7. O-O O-O 8. c3
d5 9. d3 Bb7 10. Nbd2 Re8 11. Re1 Bf8 12. a3 h6 13. exd5 Nxd5 14. Ne4 Na5 15.
Ba2 c5 16. b4 cxb4 17. cxb4 Nc6 18. Bxh6 Ndxb4 19. axb4 gxh6 20. Nfg5 hxg5 21.
Qh5 Kg7 22. Qxf7+ Kh6 23. Nf6 g4 24. Qh7+ Kg5 25. Ne4+ Kf4 26. g3+ 1-0

[Event "4NCL"]
[Site "De Vere, Staverton Park, ENG"]
[Date "2011.03.26"]
[Round "7.23"]
[White "Morris, Gareth L"]
[Black "Harakis, Alexis M"]
[Result "0-1"]
[WhiteElo "2131"]
[BlackElo "2205"]
[PlyCount "98"]
[EventDate "2011.??.??"]
[WhiteTeam "Rhyfelwyr Essyllwg"]
[BlackTeam "Jutes of Kent"]

1. d4 e6 2. c4 d5 3. Nc3 Nf6 4. cxd5 exd5 5. Bg5 c6 6. e3 Bf5 7. Qf3 Bg6 8.
Bxf6 Qxf6 9. Qxf6 gxf6 10. Nge2 Bd6 11. Rc1 Nd7 12. g3 a5 13. Nf4 Bxf4 14. gxf4
Nb6 15. Rg1 Ke7 16. Be2 a4 17. Nd1 Rhg8 18. Kd2 Bf5 19. Rg3 h5 20. Bxh5 Rh8 21.
Be2 Rxh2 22. Rg1 Rah8 23. Rc5 Nc8 24. Bd3 Bxd3 25. Kxd3 Nd6 26. Rc2 Rh1 27.
Rxh1 Rxh1 28. Ke2 Ne4 29. Rc1 Kd6 30. Kf3 Re1 31. Kg2 Nd2 32. f3 Re2+ 33. Kg3
Nf1+ 34. Kg4 Nxe3+ 35. Nxe3 Rxe3 36. Rc2 Rd3 37. Kf5 Rxd4 38. Re2 Kd7 39. a3 c5
40. Kxf6 Rxf4+ 41. Ke5 Rd4 42. Rc2 Kc6 43. Rh2 f6+ 44. Kxf6 Rf4+ 45. Ke5 Rxf3
46. Rh6+ Kb5 47. Kxd5 Rd3+ 48. Ke4 Rd2 49. Rh7 b6 0-1

[Event "4NCL"]
[Site "De Vere, Staverton Park, ENG"]
[Date "2011.03.26"]
[Round "7.24"]
[White "Mack, Andrew L"]
[Black "Trevelyan, John"]
[Result "1/2-1/2"]
[WhiteElo "2203"]
[BlackElo "2121"]
[PlyCount "82"]
[EventDate "2011.??.??"]
[WhiteTeam "Jutes of Kent"]
[BlackTeam "Rhyfelwyr Essyllwg"]

1. e4 d6 2. d4 Nf6 3. Nc3 e5 4. Nge2 Be7 5. f3 O-O 6. Be3 c6 7. Ng3 h6 8. Be2
Nh7 9. O-O Bg5 10. Bxg5 Qxg5 11. dxe5 dxe5 12. Qc1 Nd7 13. Qxg5 Nxg5 14. Rad1
Nb6 15. Rd2 Be6 16. Rfd1 Rfe8 17. Nh1 Kf8 18. Nf2 Ke7 19. b3 Rad8 20. Nd3 f6
21. Bf1 Bc8 22. Nc5 Rxd2 23. Rxd2 Rd8 24. Rxd8 Kxd8 25. Kf2 Ke7 26. Ke3 Kd6 27.
Nd3 Ne6 28. Nd1 a5 29. N3b2 Nd4 30. c3 Nc2+ 31. Kd2 Na3 32. c4 Be6 33. Kc3 Nd7
34. Ne3 b5 35. Nd3 Nc5 36. b4 Nxd3 37. Bxd3 c5 38. bxc5+ Kxc5 39. cxb5 Nxb5+
40. Bxb5 Kxb5 41. a3 Ka4 1/2-1/2

[Event "4NCL"]
[Site "De Vere, Staverton Park, ENG"]
[Date "2011.03.26"]
[Round "7.25"]
[White "Garcia, Jason"]
[Black "Naylor, John"]
[Result "0-1"]
[WhiteElo "2010"]
[BlackElo "2162"]
[PlyCount "114"]
[EventDate "2011.??.??"]
[WhiteTeam "Rhyfelwyr Essyllwg"]
[BlackTeam "Jutes of Kent"]

1. e4 e5 2. Nf3 Nc6 3. d4 exd4 4. Nxd4 Nf6 5. Nxc6 bxc6 6. e5 Qe7 7. Qe2 Nd5 8.
c4 Nb6 9. Nc3 Qe6 10. Bd2 Ba6 11. b3 Ba3 12. Qe4 O-O-O 13. c5 Bxf1 14. cxb6 Ba6
15. Qa4 Qxe5+ 16. Kd1 Be2+ 17. Nxe2 Qxa1+ 18. Nc1 cxb6 19. Qxa3 Kb7 20. Qd6
Rhe8 21. Re1 Qf6 22. Qxf6 gxf6 23. Rxe8 Rxe8 24. Ne2 d5 25. Ng3 c5 26. Bh6 Kc6
27. Bg7 Re6 28. f4 Kd7 29. f5 Rc6 30. Nh5 Ke7 31. Nf4 Rd6 32. Kd2 b5 33. h4 d4
34. Kd3 Ra6 35. Nd5+ Kd6 36. Nxf6 Rxa2 37. Bf8+ Ke5 38. Nd7+ Kxf5 39. Bxc5 Rxg2
40. Bxd4 Rg3+ 41. Kc2 a5 42. Nf6 a4 43. bxa4 bxa4 44. Nxh7 Rg4 45. Bc3 Rxh4 46.
Nf6 Rh2+ 47. Kb1 a3 48. Ne8 Ke4 49. Nd6+ Kd5 50. Nxf7 Kc4 51. Be5 Rf2 52. Nd8
Kd5 53. Bc3 Kc4 54. Be5 Kb3 55. Kc1 Rf5 56. Bg7 Rc5+ 57. Kd2 Rd5+ 0-1

[Event "4NCL"]
[Site "De Vere, Staverton Park, ENG"]
[Date "2011.03.26"]
[Round "7.26"]
[White "Rich, Mark C"]
[Black "Davies, Matthew"]
[Result "1-0"]
[WhiteElo "2116"]
[BlackElo "1986"]
[PlyCount "63"]
[EventDate "2011.??.??"]
[WhiteTeam "Jutes of Kent"]
[BlackTeam "Rhyfelwyr Essyllwg"]

1. e4 e6 2. Nc3 d5 3. Nf3 Nf6 4. e5 Nfd7 5. d4 c5 6. dxc5 Nc6 7. Bf4 Bxc5 8.
Bd3 a6 9. O-O Be7 10. Re1 O-O 11. Qe2 Nc5 12. Rad1 b5 13. Qd2 b4 14. Ne2 a5 15.
Ned4 Nxd4 16. Nxd4 Ba6 17. Bxa6 Rxa6 18. Qe2 Rb6 19. Qg4 f5 20. exf6 Rxf6 21.
Be3 Rg6 22. Qh3 Ra6 23. Nf3 Nd7 24. Bd4 Bc5 25. Bxc5 Nxc5 26. Ne5 Rh6 27. Qe3
Nd7 28. c4 bxc3 29. Qxc3 Nxe5 30. Rxe5 Rh4 31. g3 Rc4 32. Qxc4 1-0

[Event "4NCL"]
[Site "De Vere, Staverton Park, ENG"]
[Date "2011.03.26"]
[Round "7.27"]
[White "Smith, Olivia"]
[Black "Rice, Chris B"]
[Result "1-0"]
[WhiteElo "2004"]
[BlackElo "2078"]
[PlyCount "52"]
[EventDate "2011.??.??"]
[WhiteTeam "Rhyfelwyr Essyllwg"]
[BlackTeam "Jutes of Kent"]

1. Nf3 e6 2. g3 c5 3. Bg2 Nc6 4. d3 g6 5. e4 Bg7 6. O-O Nge7 7. c3 O-O 8. d4
cxd4 9. cxd4 d5 10. e5 f6 11. Re1 Qb6 12. Nc3 Nf5 13. Na4 Qc7 14. g4 Nfe7 15.
exf6 Bxf6 16. Bh6 Re8 17. Rc1 Qd6 18. Nc5 b6 19. Nb3 Bd7 20. Qd2 e5 21. dxe5
Nxe5 22. Bf4 N7c6 23. Nxe5 Bxe5 24. Qxd5+ Qxd5 25. Bxd5+ Kh8 26. Bxe5+ Nxe5 1-0

[Event "4NCL"]
[Site "De Vere, Staverton Park, ENG"]
[Date "2011.03.26"]
[Round "7.28"]
[White "Wilson, Alexandra"]
[Black "Blackburn, Suzy G"]
[Result "1-0"]
[WhiteElo "2042"]
[BlackElo "1944"]
[PlyCount "63"]
[EventDate "2011.??.??"]
[WhiteTeam "Jutes of Kent"]
[BlackTeam "Rhyfelwyr Essyllwg"]

1. e4 e6 2. d4 d5 3. e5 c5 4. c3 Nc6 5. Nf3 Qb6 6. a3 c4 7. Nbd2 Na5 8. g3 Ne7
9. h4 Bd7 10. Bh3 h6 11. O-O O-O-O 12. Rb1 Nb3 13. Nxb3 Ba4 14. Nfd2 Bxb3 15.
Nxb3 cxb3 16. Qf3 Nf5 17. Bxf5 exf5 18. Qxf5+ Qe6 19. Qf3 Be7 20. Bd2 g5 21. h5
g4 22. Qd3 Bg5 23. Be3 Rhg8 24. Kg2 f5 25. exf6 Rdf8 26. Rbe1 Qxf6 27. Qb5 Qf3+
28. Kg1 Qf7 29. Qc5+ Kd8 30. Qxa7 Re8 31. Qb8+ Kd7 32. Qxb7+ 1-0

[Event "4NCL"]
[Site "De Vere, Staverton Park, ENG"]
[Date "2011.03.26"]
[Round "7.31"]
[White "Shaw, Peter"]
[Black "O'Toole, George E"]
[Result "0-1"]
[WhiteElo "2164"]
[BlackElo "2152"]
[PlyCount "94"]
[EventDate "2011.??.??"]
[WhiteTeam "White Rose 2"]
[BlackTeam "Barbican Youth"]

1. d4 Nf6 2. c4 c5 3. d5 b5 4. cxb5 a6 5. bxa6 g6 6. Nc3 Bxa6 7. e4 Bxf1 8.
Kxf1 d6 9. Nf3 Bg7 10. h3 O-O 11. Kg1 Nbd7 12. Kh2 Qa5 13. Re1 Rfb8 14. Re2 Ne8
15. Rc2 Nc7 16. Bd2 Na6 17. a3 Nb4 18. Na2 Nxc2 19. Bxa5 Nxa1 20. Bc3 Bxc3 21.
Nxc3 Nb3 22. Qe2 Rb7 23. Nd1 f6 24. Nd2 Rab8 25. Nxb3 Rxb3 26. f4 Kg7 27. h4
Nb6 28. e5 dxe5 29. fxe5 Nxd5 30. exf6+ exf6 31. Qe6 Rd8 32. Qc6 Rbb8 33. Qxc5
Rbc8 34. Qa7+ Rc7 35. Qa5 Rcd7 36. Nc3 Ne3 37. h5 Ng4+ 38. Kh3 f5 39. Ne2 Rd3+
40. g3 Rd2 41. Qc3+ Kh6 42. Qf3 R8d3 43. Qf4+ Kxh5 44. Qf1 Re3 45. Nf4+ Kh6 46.
Ng2 Ree2 47. a4 Rd1 0-1

[Event "4NCL"]
[Site "De Vere, Staverton Park, ENG"]
[Date "2011.03.26"]
[Round "7.32"]
[White "Sen, Subin"]
[Black "O'Driscoll, Keiran"]
[Result "1/2-1/2"]
[WhiteElo "2150"]
[BlackElo "2101"]
[PlyCount "47"]
[EventDate "2011.??.??"]
[WhiteTeam "Barbican Youth"]
[BlackTeam "White Rose 2"]

1. Nf3 Nf6 2. c4 e6 3. g3 b6 4. Bg2 Bb7 5. O-O c5 6. Nc3 Be7 7. Re1 d6 8. e4 a6
9. d4 cxd4 10. Nxd4 Qc7 11. Be3 Nbd7 12. Rc1 O-O 13. Qe2 Rac8 14. b3 Nc5 15. f3
Rfe8 16. Bf2 g6 17. Nc2 Bc6 18. Nb4 Bb7 19. Nd3 Bc6 20. Nxc5 bxc5 21. f4 Qb7
22. g4 Rcd8 23. Bg3 Rd7 24. h3 1/2-1/2

[Event "4NCL"]
[Site "De Vere, Staverton Park, ENG"]
[Date "2011.03.26"]
[Round "7.33"]
[White "Weller, Jean-Luc"]
[Black "Cumming, Rhys"]
[Result "1/2-1/2"]
[WhiteElo "2154"]
[BlackElo "2008"]
[PlyCount "84"]
[EventDate "2011.??.??"]
[WhiteTeam "White Rose 2"]
[BlackTeam "Barbican Youth"]

1. d4 Nf6 2. Bg5 g6 3. Bxf6 exf6 4. e3 Bg7 5. g3 O-O 6. Bg2 f5 7. Ne2 d6 8. c4
Nd7 9. Nbc3 c6 10. O-O Nf6 11. b4 h5 12. b5 d5 13. cxd5 cxd5 14. Qb3 Be6 15.
Nf4 g5 16. Nd3 Ne4 17. Rfc1 Rc8 18. Na4 b6 19. Nab2 Qd7 20. a4 Rxc1+ 21. Rxc1
Rc8 22. Qd1 g4 23. Kf1 f6 24. Nb4 Bf8 25. Rxc8 Qxc8 26. Nc6 a6 27. Nd3 axb5 28.
axb5 Qa8 29. Nf4 Bf7 30. Bxe4 fxe4 31. Qb3 Qa3 32. Qxa3 Bxa3 33. Na7 Be7 34.
Nc8 Bd8 35. Nd6 Bc7 36. Nxf7 Bxf4 37. Nd8 Bd6 38. Kg2 Kf8 39. Ne6+ Kf7 40. Nd8+
Ke8 41. Nc6 Kd7 42. h3 Bf8 1/2-1/2

[Event "4NCL"]
[Site "De Vere, Staverton Park, ENG"]
[Date "2011.03.26"]
[Round "7.34"]
[White "Farrand, Julian T"]
[Black "Lewyk, Ihor"]
[Result "1-0"]
[WhiteElo "2086"]
[BlackElo "2108"]
[PlyCount "59"]
[EventDate "2011.??.??"]
[WhiteTeam "Barbican Youth"]
[BlackTeam "White Rose 2"]

1. d4 c5 2. d5 Nf6 3. Nc3 g6 4. e4 d6 5. Bb5+ Bd7 6. a4 Bg7 7. Nf3 a6 8. Bxd7+
Nbxd7 9. a5 O-O 10. O-O Ng4 11. h3 Nge5 12. Nxe5 Nxe5 13. Qe2 b5 14. axb6 Qxb6
15. Ra4 Rfb8 16. f4 Nd7 17. Qf3 Qc7 18. Ra2 Rb4 19. Bd2 Qb8 20. Nd1 Rb5 21. Bc3
Bxc3 22. Qxc3 Nf6 23. Qf3 Rb4 24. e5 dxe5 25. fxe5 Qxe5 26. d6 Qe4 27. dxe7
Qxf3 28. Rxf3 Ne8 29. Rd3 Re4 30. Rd8 1-0

[Event "4NCL"]
[Site "De Vere, Staverton Park, ENG"]
[Date "2011.03.26"]
[Round "7.35"]
[White "Jennings, Roger W"]
[Black "Stewart, Ashley"]
[Result "0-1"]
[WhiteElo "2074"]
[BlackElo "1969"]
[PlyCount "76"]
[EventDate "2011.??.??"]
[WhiteTeam "White Rose 2"]
[BlackTeam "Barbican Youth"]

1. g3 g6 2. Bg2 Nf6 3. b3 Bg7 4. Bb2 d5 5. Nf3 O-O 6. O-O c5 7. d3 Nc6 8. Ne5
Qc7 9. Nxc6 bxc6 10. Nc3 Nd7 11. Na4 Bxb2 12. Nxb2 Nb6 13. c4 d4 14. a3 a5 15.
Qd2 Qd6 16. e3 e5 17. exd4 exd4 18. Rfe1 Be6 19. Re2 Ra7 20. Rae1 a4 21. b4
cxb4 22. axb4 c5 23. Re5 Nd7 24. bxc5 Qxe5 25. Rxe5 Nxe5 26. Qc2 a3 27. Na4 Bd7
28. c6 Nxc6 29. Qb3 Rfa8 30. Bd5 Rxa4 31. c5 a2 32. Bxf7+ Kg7 33. Qd5 a1=Q+ 34.
Kg2 Rf8 35. Be6 Bxe6 36. Qxe6 Qa2 37. Qxc6 Qxf2+ 38. Kh3 Qf5+ 0-1

[Event "4NCL"]
[Site "De Vere, Staverton Park, ENG"]
[Date "2011.03.26"]
[Round "7.36"]
[White "Sanders, Isaac B"]
[Black "Birkin, Mark H"]
[Result "0-1"]
[WhiteElo "2015"]
[BlackElo "1895"]
[PlyCount "40"]
[EventDate "2011.??.??"]
[WhiteTeam "Barbican Youth"]
[BlackTeam "White Rose 2"]

1. d4 e6 2. c4 f5 3. g3 Nf6 4. Bg2 Be7 5. Nf3 O-O 6. O-O d6 7. Nc3 a5 8. Qc2
Nc6 9. e4 Nb4 10. Qe2 fxe4 11. Nxe4 Nxe4 12. Qxe4 e5 13. g4 h5 14. h3 Qd7 15.
Bg5 Rxf3 16. Bxf3 Bxg5 17. Qg6 Qf7 18. Qxg5 Qxf3 19. Qxh5 Be6 20. b3 Nd3 0-1

[Event "4NCL"]
[Site "De Vere, Staverton Park, ENG"]
[Date "2011.03.26"]
[Round "7.37"]
[White "Weller, Pierre"]
[Black "Morrison, Lynne GP"]
[Result "1-0"]
[WhiteElo "1954"]
[BlackElo "1913"]
[PlyCount "51"]
[EventDate "2011.??.??"]
[WhiteTeam "White Rose 2"]
[BlackTeam "Barbican Youth"]

1. d4 d5 2. c4 dxc4 3. e3 e6 4. Bxc4 Nf6 5. Nc3 c5 6. Nf3 Be7 7. O-O O-O 8. Qe2
a6 9. Rd1 Qc7 10. a4 b6 11. e4 cxd4 12. Nxd4 e5 13. Nd5 Qb7 14. Nxf6+ Bxf6 15.
Bd5 Qc7 16. Bxa8 exd4 17. Bd2 Be6 18. Rac1 Qa7 19. Bd5 Nd7 20. Bf4 Ne5 21. Bxe5
Bxe5 22. Bxe6 fxe6 23. Rc6 Rf6 24. Qh5 Qb8 25. Rdc1 Rf8 26. Rxe6 1-0

[Event "4NCL"]
[Site "De Vere, Staverton Park, ENG"]
[Date "2011.03.26"]
[Round "7.41"]
[White "Spence, David J"]
[Black "Goodger, Martyn"]
[Result "1-0"]
[WhiteElo "2207"]
[BlackElo "2096"]
[PlyCount "123"]
[EventDate "2011.??.??"]
[WhiteTeam "Anglian Avengers 1"]
[BlackTeam "Poisoned Pawns 2"]

1. e4 d5 2. exd5 Qxd5 3. Nc3 Qd6 4. d4 Nf6 5. Nf3 c6 6. Ne5 Nbd7 7. Nc4 Qc7 8.
Qf3 Nb6 9. Ne5 Be6 10. Bf4 Qd8 11. O-O-O Nbd5 12. a3 Nxc3 13. Qxc3 Nd5 14. Qd2
Nxf4 15. Qxf4 f6 16. Nc4 g6 17. Bd3 Bxc4 18. Bxc4 Qd6 19. Qf3 O-O-O 20. Kb1 f5
21. Rhe1 Bg7 22. h4 Qc7 23. Be6+ Kb8 24. c3 Rhf8 25. Re2 c5 26. d5 Be5 27. Qd3
Rf6 28. Qc2 Bd6 29. c4 Rdf8 30. g3 Ka8 31. Rd3 Be5 32. Rb3 Bd6 33. Rb5 h5 34.
f4 a6 35. Qa4 Ka7 36. Re3 Rb8 37. Ra5 Rff8 38. Bd7 Rfd8 39. Bb5 Qb6 40. Re6 Rg8
41. b4 Rbc8 42. Bxa6 cxb4 43. Bxb7+ Kb8 44. Bxc8 Qg1+ 45. Kc2 Qf2+ 46. Kc1 Qf1+
47. Kd2 Qf2+ 48. Kd3 Qf1+ 49. Re2 Qf3+ 50. Re3 Qf1+ 51. Kd2 Qf2+ 52. Kd1 Qf1+
53. Kd2 Qf2+ 54. Re2 Qd4+ 55. Kc1 Qa1+ 56. Kc2 Qc3+ 57. Kb1 Qd3+ 58. Rc2 Qd1+
59. Ka2 Rxc8 60. Ra8+ Kb7 61. Qa6+ Kc7 62. Qc6+ 1-0

[Event "4NCL"]
[Site "De Vere, Staverton Park, ENG"]
[Date "2011.03.26"]
[Round "7.42"]
[White "Doci, Stefan"]
[Black "Talsma, Paul A"]
[Result "0-1"]
[WhiteElo "2095"]
[BlackElo "2260"]
[PlyCount "80"]
[EventDate "2011.??.??"]
[WhiteTeam "Poisoned Pawns 2"]
[BlackTeam "Anglian Avengers 1"]

1. Nf3 f5 2. c4 Nf6 3. Nc3 g6 4. d3 Bg7 5. g3 O-O 6. Bg2 d6 7. O-O Nc6 8. Qc2
Nh5 9. Nd5 e6 10. Bg5 Qd7 11. Nc3 h6 12. Bd2 Qf7 13. Rab1 g5 14. e3 Nb4 15. Qd1
Nxd3 16. b4 g4 17. Nd4 c6 18. b5 c5 19. Nb3 Ne5 20. Qe2 Nf6 21. a4 Qh5 22. f4
gxf3 23. Bxf3 Nxf3+ 24. Rxf3 b6 25. Rff1 Qxe2 26. Nxe2 e5 27. Rfd1 Be6 28. Rbc1
d5 29. cxd5 Bxd5 30. Na1 Rad8 31. Bc3 Ng4 32. Bd2 Bf3 33. Kf1 Nxh2+ 34. Kf2 Rd3
35. Bc3 Rfd8 36. Rxd3 Rxd3 37. Ng1 Be4 38. Nb3 Ng4+ 39. Kf1 Nxe3+ 40. Ke2 Nd5
0-1

[Event "4NCL"]
[Site "De Vere, Staverton Park, ENG"]
[Date "2011.03.26"]
[Round "7.43"]
[White "Player, Edmund C"]
[Black "Hutchinson, Norman A"]
[Result "*"]
[WhiteElo "2179"]
[BlackElo "2054"]
[PlyCount "67"]
[EventDate "2011.??.??"]
[WhiteTeam "Anglian Avengers 1"]
[BlackTeam "Poisoned Pawns 2"]

1. e4 c6 2. d4 d5 3. Nc3 dxe4 4. Nxe4 Bf5 5. Ng3 Bg6 6. Nf3 Nd7 7. h4 h6 8. h5
Bh7 9. Bd3 Bxd3 10. Qxd3 e6 11. Bf4 Bb4+ 12. c3 Be7 13. O-O-O Ngf6 14. Kb1 Nd5
15. Bd2 b5 16. Ne4 Qb6 17. Qe2 c5 18. dxc5 Nxc5 19. Ne5 Rb8 20. Nxc5 Qxc5 21.
Rh3 Rb7 22. Rd3 O-O 23. Rg3 Kh8 24. Rf3 Bf6 25. Ng4 b4 26. cxb4 Nxb4 27. Bxb4
Rxb4 28. Nxf6 gxf6 29. Rxf6 Qg5 30. Rf3 Rfb8 31. b3 Qxh5 32. Qb2+ e5 33. Re1
Qg6+ 34. Ka1 *

[Event "4NCL"]
[Site "De Vere, Staverton Park, ENG"]
[Date "2011.03.26"]
[Round "7.44"]
[White "McCorry, Robert T"]
[Black "Tozer, Philip AA"]
[Result "1-0"]
[WhiteElo "2055"]
[BlackElo "2151"]
[PlyCount "45"]
[EventDate "2011.??.??"]
[WhiteTeam "Poisoned Pawns 2"]
[BlackTeam "Anglian Avengers 1"]

1. c4 f5 2. g3 Nf6 3. Bg2 e6 4. Nc3 d5 5. cxd5 exd5 6. e3 c6 7. Nge2 Bd6 8. O-O
O-O 9. a3 a5 10. b3 Be6 11. Bb2 Nbd7 12. Qc2 Qe7 13. Nd4 Ng4 14. Nce2 Nc5 15.
b4 axb4 16. axb4 Rxa1 17. Rxa1 Ne4 18. f3 Nxh2 19. fxe4 fxe4 20. Nxe6 Qxe6 21.
Kxh2 Qg4 22. Nf4 Bxf4 23. exf4 1-0

[Event "4NCL"]
[Site "De Vere, Staverton Park, ENG"]
[Date "2011.03.26"]
[Round "7.46"]
[White "McMahon, Paul"]
[Black "Gregory, Stephen J"]
[Result "0-1"]
[WhiteElo "2037"]
[BlackElo "2099"]
[PlyCount "78"]
[EventDate "2011.??.??"]
[WhiteTeam "Poisoned Pawns 2"]
[BlackTeam "Anglian Avengers 1"]

1. Nc3 d6 2. Nf3 Nf6 3. d4 g6 4. e4 Bg7 5. Bc4 c6 6. a4 d5 7. Bd3 dxe4 8. Nxe4
Nxe4 9. Bxe4 Bf5 10. Qd3 Bxe4 11. Qxe4 Qd5 12. Qd3 Na6 13. c3 O-O 14. O-O e5
15. Re1 exd4 16. cxd4 Nc5 17. Qc2 Nb3 18. Ra3 Nxd4 19. Nxd4 Qxd4 20. Rd3 Rfe8
21. Red1 Qb4 22. Kf1 Qh4 23. Rh3 Qe7 24. Be3 Qb4 25. b3 Rad8 26. Rxd8 Rxd8 27.
Bc5 Qg4 28. Rf3 b6 29. Be7 Re8 30. Ba3 c5 31. Bc1 h5 32. Be3 Qe4 33. Qd1 Qe6
34. Qd3 Bd4 35. h3 Qe4 36. Qc4 Re7 37. Qb5 Qb1+ 38. Ke2 Qc2+ 39. Ke1 Qc3+ 0-1